000 00530nam a2200181Ia 4500
008 100920s9999 xx 000 0 und d
082 _b32120
_a21 थ 17
100 _aDASH BHAGWAN.
245 _aTHE PSYCHOLOGY OF CONVERSION.
260 _bTHEOSOPHICAL PUBLISHING HOUSE, MADRAS.
_c1917
300 _a36
_bसाधी
365 _b0
520 _aृॅ्रआर.अे.
630 _aTHE PSYCHOLOGY OF CONVERSION.
650 _aृॅ्रआर.अे.
730 _aTHE PSYCHOLOGY OF CONVERSION.
942 _cBOOK
999 _c687180
_d687177